Normal view
MARC view
- Atif Ali
Entry Personal Name
001 - CONTROL NUMBER
- control field: 84153
003 - CONTROL NUMBER IDENTIFIER
- control field: NUST
005 - DATE AND TIME OF LATEST TRANSACTION
- control field: 20211115164129.0
008 - FIXED-LENGTH DATA ELEMENTS
- fixed length control field: 211115|| aca||aabn | a|a d
040 ## - CATALOGING SOURCE
- Original cataloging agency: NUST
- Transcribing agency: NUST
100 ## - HEADING--PERSONAL NAME
- Personal name: Atif Ali
670 ## - SOURCE DATA FOUND
- Source citation: Work cat.: (NUST)577189: Atif Ali, TH-SOF-1292-NEW CONTROL METHODS FOR A CLASS OF NONLINEAR SYSTEMS WITH CONSTRAINED INPUT, 2016
